Hot California Graphics 2

Bibliographic Details
Format: Book
Language:English
Published: New York : Madison Square Press 2002
Subjects:

MARC

LEADER 00000cam a2200000 7i4500
001 0000011528
005 20241017.0
008 030820 nyua eng
020 |a 0942604482 
040 |a INS   |b eng   |e rda 
090 0 0 |a NC998.5.C2   |b H68 2002 
245 0 0 |a Hot California Graphics 2 
264 1 |a New York :   |b Madison Square Press   |c 2002 
264 4 |c ©2002 
300 |a 264 pages :   |b colour illustrations ;   |c 29 cm. 
336 |a text  |2 rdacontent 
337 |a unmediated  |2 rdamedia 
338 |a volume  |2 rdacarrier 
650 0 |a Commercial art   |z California 
650 0 |a Graphic arts   |z California 
999 |a 0000011426   |b BOOK   |c Open Shelf   |e Default branch